LEADER 02267nam2 2200409 i 450 001 PAL0096544 005 20251003044306.0 010 $a8842045314 010 $a8842045586 020 $aIT$b95-4605 100 $a19941109d1994 ||||0itac50 ba 101 | $aita 102 $ait 181 1$6z01$ai $bxxxe 182 1$6z01$an 200 1 $aˆ4: ‰Dal dopoguerra alla nazionalizzazione, 1945-1962$fP. Bolchini ... [et al.]$ga cura di Valerio Castronovo 210 $aRoma [etc.]$cLaterza$d1994 215 $a893 p., [104] c. di tav.$cill.$d25 cm 300 $aSegue: Appendici documentarie. 461 1$1001MIL0144431$12001 $aStoria dell'industria elettrica in Italia$v4 606 $aINDUSTRIA ELETTRICA$xITALIA$xSTORIA$x1945-1962$2FIR$3MILC064355$9I 676 $a338.4$9INDUSTRIE SECONDARIE E SERVIZI$v20 676 $a338.4$9INDUSTRIE SECONDARIE E SERVIZI$v21 676 $a338.47621310945$9BENI E SERVIZI. Energia elettrica. Italia$v20 676 $a338.7621310945$9IMPRESE. INGEGNERIA ELETTRICA. Italia$v21 696 $aIndustria elettrotecnica 699 $aIndustria elettrica$yIndustria elettrotecnica 702 1$aCastronovo$b, Valerio$3CFIV011226 702 1$aBolchini$b, Piero$3CFIV042089 801 3$aIT$bIT-000000$c19941109 850 $aIT-BN0095 $aIT-NA0663 $aIT-NA0043 $aIT-NA0079 $aIT-NA0070 $aIT-NA0120 $aIT-NA0075 $aIT-NA0230 $aIT-NA0452 $aIT-NA0095 912 $aPAL0096544 950 2$aBiblioteca Centralizzata di Ateneo$cv. 1-5 in sei tomi$d 01STORICA 11 STODIE$e 0102 0000019895 VMA A4(0004 v. 4$fB $h19951031$i19951031$cv. 3-5 (v. 3 in 2 tomi, alcuni in più copie)$d 01POZZO LIB.ECON MON 9480$e 0101 0000086655E VMA (0004 v. 4 (precedente collocazione: GUERRAZZI C 43 4)$fB $h20070919$i20070919 950 2$aBiblioteca dell'Associazione Amici degli Archivi onlus$cv. 1-4$d ADFREIS 02. A 0001$e AD 0000022925 VMA (4 v. 4$fB $h20151109$i20151109 977 $a 01$a AD$a AN$a BN$a BU$a CR$a GE$a IR$a IS$a SB 996 $aDal dopoguerra alla nazionalizzazione$9121343 997 $aUNISANNIO